| 000 | 00000nam##2200000za#4500 |
| 001 | 9.695778 |
| 003 | CaOODSP |
| 005 | 20210624234730 |
| 007 | cr ||||||||||| |
| 008 | 150407|2000||||xxc|||||o f|0| 0 eng|d |
| 040 | |aCaOODSP|beng |
| 043 | |an-cn--- |
| 086 | 1 |aE94-305/2000E-PDF |
| 110 | 1 |aCanada.|bCanadian International Development Agency. |
| 245 | 10|aCIDA'S social development priorities : |h[electronic resource]|ba framework for action |
| 260 | |bCanadian International Development Agency |c[2000?]. |
| 300 | |a52p.|bgraph, table, photographs |
| 500 | |aContents: An overview of CIDA's social development priorities.--Health and nutrition - making strides to improve human well-being.--Basic education - ensuring opportunity for all.--HIV/AIDS - confronting the global pandemic.--Child protection - investing in the future.--Implementing CIDA's social development priorities through new approaches.--Definitions of four priority areas under CIDA's social development priorities. |
| 590 | |a12-16-Supp|b2012-04-17 |
| 690 | 07|aAid programs|2gcpds |
| 690 | 07|aPoverty|2gcpds |
| 690 | 07|aSocial development|2gcpds |
| 775 | 08|tLes priorités de développement social de L'ACDI : |w(CaOODSP)9.639899 |
| 776 | 0#|tCIDA's social development priorities: a framework for action |w(CaOODSP)9.647790 |
| 856 | 40|ahttp://publications.gc.ca|qPDF|s2.74 MB|uhttps://publications.gc.ca/collections/Collection/E94-305-2000E.pdf |